000 01333nam a2200325 c 4500
003 BLK
005 20180422105929.0
008 180409b bul|||||r ||||||| ||bul||
010 _aKNG00115162000
020 _a954-553-071-5
_bиздат.: Парадокс
040 _aBLK
041 _aBUL
_cBUL
080 _aАмериканска литература (на САЩ)
_b821.111(73)
_x-31
_z821.111(73)-31
700 1 _aКеруак, Джек
_e*
_9364623
100 1 _aКеруак, Джак
_eпърви автор
_9257354
700 1 _aГлаванакова, Александра Константинова
_eпрев.
_9364533
139 _aКеруак, Джек
_bК 52
245 1 0 _aВидения за Коди
_bРоман
_c* Джек Керуак; Джак Керуак; прев. Александра Константинова Главанакова.
257 _aUSA
260 София
_bПарадокс
_c2004
300 _a680 с.
_c20 см
380 _aX
490 1 _aКолекция Америка ХХ
500 _aОриг. загл. Visions of Cody / Jack Kerouac. - Възприета форма на името на авт. - Джeк Керуак.
852 _aЦб 220946
856 4 _qpdf
_u
856 4 _qpdf
_u
942 _cKNG
_n0
944 _aCR
_c28.09.2004
_kГеновева_Генчева
944 _aED
_c02.06.2014
_k
999 _c109841
_d109841